Evolución: el curso de la vida
Zapisane w:
| 1. autor: | |
|---|---|
| Format: | Książka |
| Język: | hiszpański |
| Wydane: |
Buenos Aires
Médica Panamericana
2011
|
| Hasła przedmiotowe: | |
| Etykiety: |
Dodaj etykietę
Nie ma etykietki, Dołącz pierwszą etykiete!
|
MARC
| LEADER | 00000nam a2200000 a 4500 | ||
|---|---|---|---|
| 001 | UCG7584 | ||
| 003 | CL-VaPUC | ||
| 005 | 20231114124647.0 | ||
| 008 | 110812e20110000AG |||||||||||||||||spa|d | ||
| 999 | |c 345449 |d 345447 | ||
| 020 | |a 9789500602785 | ||
| 040 | |c Pontificia Universidad Católica de Valparaíso | ||
| 082 | 0 | 4 | |a 572.838 GAL 2011 |2 21 |
| 100 | 0 | |a Gallardo, Milton H |9 558154 | |
| 245 | 1 | 0 | |a Evolución: el curso de la vida |
| 260 | |a Buenos Aires |b Médica Panamericana |c 2011 | ||
| 300 | |a 503 páginas | ||
| 583 | |a last modification |c 20110812 00:00:00 |k Rodrigo Vera | ||
| 650 | 7 | |a EVOLUCION GENETICA |2 CL-VaPUC |9 375176 | |
| 650 | 0 | |a Genética humana |9 269609 | |
| 650 | 0 | |a Evolución |9 259442 | |
| 942 | |c BK |2 ddc | ||
| 945 | |d 20110812 00:00:00 |a dcastane | ||
| 952 | |0 0 |1 0 |2 ddc |4 0 |6 572_838000000000000_GAL_2011 |7 0 |8 A |9 444174 |a BIBCUR |b BIBCUR |d 2019-11-22 |i 478927K |l 9 |m 5 |o 572.838 GAL 2011 |p 478927K |r 2025-04-22 |s 2024-08-20 |t 1 |w 2019-11-22 |y BK |k BIO | ||
| 952 | |0 0 |1 0 |2 ddc |4 0 |6 572_838000000000000_GAL_2011 |7 0 |8 A |9 444175 |a BIBCUR |b BIBCUR |d 2019-11-22 |i 4789288 |l 14 |m 2 |o 572.838 GAL 2011 |p 4789288 |r 2025-04-22 |s 2024-06-19 |t 2 |w 2019-11-22 |y BK |k BIO | ||
| 952 | |0 0 |1 0 |2 ddc |4 0 |6 572_838000000000000_GAL_2011 |7 0 |8 A |9 444176 |a BIBCUR |b BIBCUR |d 2019-11-22 |i 4789296 |l 12 |m 12 |o 572.838 GAL 2011 |p 4789296 |r 2025-04-22 |s 2023-09-14 |t 3 |w 2019-11-22 |y BK |k BIO | ||
| 952 | |0 0 |1 0 |2 ddc |4 0 |6 572_838000000000000_GAL_2011 |7 0 |8 A |9 444177 |a BIBCUR |b BIBCUR |d 2019-11-22 |i 478930K |l 7 |m 5 |o 572.838 GAL 2011 |p 478930K |r 2025-04-22 |s 2025-03-31 |t 4 |w 2019-11-22 |y BK |k BIO | ||